Towards an Analysis of the Geographical and Geopolitical Position of Slovakia

Titel: Towards an Analysis of the Geographical and Geopolitical Position of Slovakia
Verfasser:
In: ˜Theœ political geography of current east - west relations, (1998), Seite 297-306, 15 Abb.
alle Artikel anzeigen
Veröffentlicht: 1998
Format: Aufsatz
Sprache: Englisch
Kein Bild verfügbar
X
alg: 39209954
001A    $01999:11-11-16 
001B    $01999:29-03-21 $t21:47:53.000 
001D    $01999:11-11-16 
001U    $0utf8 
001X    $00 
002@    $0Aox 
003@    $0392099543 
007A    $0392099543 $aHEB 
007T    $0Herd31481 
010@    $aeng 
011@    $a1998 
021A    $aTowards an Analysis of the Geographical and Geopolitical Position of Slovakia 
028A    $aPaulov $dJán 
031A    $h297-306, 15 Abb. $j1998 
037A    $adt. Res. 306: Zur Analyse der geographischen und geopolitischen Position der Slowakei: historischer Kontext und aktuelle Perspektiven; frz. Res. 307: Analyse de la position géogrphique et géopolitique de la Slovaquie: contexte historique et perspectives actuelles; russ. Res. 307: K voprosu o geografičeskom i geopolitičeskom položenii Slovakii: istoričeskij kontekst i sovremennoe razvitie 
039B    $aIn $8--Aau--. The @political geography of current east - west relations. - Leipzig : Inst. für Länderkunde, 1998. - 316 S.. - graph. Darst., Kt.. - ISBN 3-86082-032-X $x199800000000000703 $9060940980 
045F    $a911.4373 $eDDC23BSB 
045F/01 $a911 
045F/03 $g4373 

lok: 39209954 78

exp: 39209954 78 1 #EPN
201B/01 $019-04-17 $t11:00:49.000 
201U/01 $0utf8 
203@/01 $0788195565 
208@/01 $a11-11-16 $be 
209A/01 $a/ $f000 $x00 
220C/01 $aTitelaufnehmer: jk;as 
244Z/01 $2Trx $#Slowakische Republik $#Szlovák Köztársaság $#Republika Słowacka $#Slovenská Republika $#Slovensko $#Slowakei $#Słowacja $#Slovensko $8--Trx--Slovenská Republika $x01 $9391345796 
244Z/01 $aGeschichte 626-1998 $x02 
244Z/01 $2Trx $#geograafia $#geografija $#Geography $#földrajz $#geografia $#geografia $#geografie $8--Trx--Geographie $x03 $9391353772 
244Z/01 $2Trx $#geograafia, ajalooline $#istorinė geografija $#Geography, historical $#földrajz, történeti $#geografia historyczna $#geografia, historická $#geografie historická $8--Trx--Geographie, historische $x04 $9391353489 
244Z/01 $2Trx $#integratsioonipoliitika, Euroopa $#Europos integracijos politika $#European integration $#integráció politika, európai $#polityka narodowościowa, europejska $#politika integračná európska $#politika integrační evropská $#Osterweiterung, europäische $#Europäisierung $#policy of integration, European $8--Trx--Integrationspolitik, europäische $x05 $9391382152 
244Z/01 $2Trx $8--Trx--Einzelbeiträge $x06 $9391384570 
245Z/01 $a04.08 $x01 
247C/01 $82080>Marburg/Lahn, Herder-Institut, Forschungsbibliothek, Bibliographieportal $9336309341
LEADER 00000caa a22000002c 4500
001 392099543
003 DE-603
005 20210329214753.0
007 tu
008 161111s1998 xx |||| | u00||u|eng c
035 |a (DE-599)HEB392099543 
040 |a DE-603  |b ger  |c DE-603  |d DE-603 
041 |a eng 
082 0 4 |8 1\u  |a 911.4373  |q DE-101  |2 23/BSB 
085 |8 1\u  |b 911 
085 |8 1\u  |z 2  |s 4373 
100 1 |a Paulov, Ján 
245 0 0 |a Towards an Analysis of the Geographical and Geopolitical Position of Slovakia 
264 0 |c 1998 
500 |a dt. Res. 306: Zur Analyse der geographischen und geopolitischen Position der Slowakei: historischer Kontext und aktuelle Perspektiven; frz. Res. 307: Analyse de la position géogrphique et géopolitique de la Slovaquie: contexte historique et perspectives actuelles; russ. Res. 307: K voprosu o geografičeskom i geopolitičeskom položenii Slovakii: istoričeskij kontekst i sovremennoe razvitie 
773 0 8 |i In  |t ˜Theœ political geography of current east - west relations  |d Leipzig : Inst. für Länderkunde, 1998  |h 316 S., graph. Darst., Kt.  |z 386082032X  |g (1998), Seite 297-306, 15 Abb.  |w (DE-603)060940980 
924 0 |9 2080  |a (DE-603)788195565  |b DE-2080  |c HES  |d d  |g /